ARRUPE JESUIT UNIVERSITY

CORONAVIRUS -STOP THE SPREAD - CLEAN,DISINFECT,COVER

Dzimbahwe : (Record no. 128944)

MARC details
000 -LEADER
fixed length control field 00930cam a2200265 a 4500
001 - CONTROL NUMBER
control field 959049
003 - CONTROL NUMBER IDENTIFIER
control field ARRUPE
005 - DATE AND TIME OF LATEST TRANSACTION
control field 20190208114150.0
008 - FIXED-LENGTH DATA ELEMENTS--GENERAL INFORMATION
fixed length control field 880908s1983 rh af b 000 0 eng
010 ## - LIBRARY OF CONGRESS CONTROL NUMBER
LC control number 84158765
040 ## - CATALOGING SOURCE
Original cataloging agency DLC
Transcribing agency DLC
Modifying agency DLC
043 ## - GEOGRAPHIC AREA CODE
Geographic area code f-rh---
050 00 - LIBRARY OF CONGRESS CALL NUMBER
Classification number SPC. DT2942.
Item number M993 1983
082 00 - DEWEY DECIMAL CLASSIFICATION NUMBER
Classification number 968.91/01
Edition number 19
300 ## - PHYSICAL DESCRIPTION
Other physical details ill. ;
Dimensions 21 cm.
100 1# - MAIN ENTRY--PERSONAL NAME
Personal name Mufuka, K. Nyamayaro.
9 (RLIN) 44519
245 10 - TITLE STATEMENT
Title Dzimbahwe :
Remainder of title life and politics in the Golden Age, 1100-1500 A.D. /
Statement of responsibility, etc by Ken Mufuka ; assisted by K. Muzvidzwa and J. Nemerai.
260 ## - PUBLICATION, DISTRIBUTION, ETC. (IMPRINT)
Place of publication, distribution, etc Harare, Zimbabwe :
Name of publisher, distributor, etc Harare Pub. House,
Date of publication, distribution, etc c1983.
300 ## - PHYSICAL DESCRIPTION
Extent 58 p., [8] p. of plates :
504 ## - BIBLIOGRAPHY, ETC. NOTE
Bibliography, etc Bibliography: p. 54-58.
650 #0 - SUBJECT ADDED ENTRY--TOPICAL TERM
Topical term or geographic name as entry element Shona (African people)
General subdivision Social life and custom
9 (RLIN) 44520
651 #0 - SUBJECT ADDED ENTRY--GEOGRAPHIC NAME
Geographic name Great Zimbabwe (Extinct city)
General subdivision Civilization.
9 (RLIN) 44521
651 #0 - SUBJECT ADDED ENTRY--GEOGRAPHIC NAME
Geographic name Zimbabwe
General subdivision Antiquities
9 (RLIN) 9546
700 1# - ADDED ENTRY--PERSONAL NAME
Personal name Muzvidzwa, K.
9 (RLIN) 44522
700 1# - ADDED ENTRY--PERSONAL NAME
Personal name Nemerai, J.
9 (RLIN) 44523
906 ## - LOCAL DATA ELEMENT F, LDF (RLIN)
a 7
b cbc
c orignew
d 3
e ncip
f 19
g y-gencatlg
942 ## - ADDED ENTRY ELEMENTS (KOHA)
Source of classification or shelving scheme Library of Congress Classification
Koha item type SPC
Holdings
Withdrawn status Lost status Source of classification or shelving scheme Damaged status Not for loan Collection code Home library Current library Shelving location Date acquired Total Checkouts Full call number Barcode Date last seen Price effective from Koha item type
    Library of Congress Classification     SPECIAL Collection ARRUPE LIBRARY ARRUPE LIBRARY REFERENCE 08/02/2019   SPC. DT2942. M993 1983 46600003694 08/02/2019 08/02/2019 SPC

 

Arrupe Library. PO Box MP320 Mt Pleasant, Harare, Zimbabwe
263 242 745411|librarian@aju.ac.zw